Tribology (Record no. 6895)

MARC details
000 -LEADER
fixed length control field 00634nam a2200217Ia 4500
003 - CONTROL NUMBER IDENTIFIER
control field IN-BaIIA
008 - FIXED-LENGTH DATA ELEMENTS--GENERAL INFORMATION
fixed length control field 211028s9999 xx 000 0 eng d
020 ## - INTERNATIONAL STANDARD BOOK NUMBER
International Standard Book Number 0-07-062663-4
040 ## - CATALOGING SOURCE
Transcribing agency IIA Library
080 ## - UNIVERSAL DECIMAL CLASSIFICATION NUMBER
Universal Decimal Classification number 621.89
Item number TRI
245 #0 - TITLE STATEMENT
Title Tribology
Remainder of title friction, lubrication and wear
Statement of responsibility, etc. edited by A. Z. Szeri
260 ## - PUBLICATION, DISTRIBUTION, ETC.
Place of publication, distribution, etc. Washington/New york
Name of publisher, distributor, etc. McGraw-Hill
Date of publication, distribution, etc. 1980
300 ## - PHYSICAL DESCRIPTION
Extent xii, 548p.
650 ## - SUBJECT ADDED ENTRY--TOPICAL TERM
Topical term or geographic name entry element Friction
9 (RLIN) 11817
650 ## - SUBJECT ADDED ENTRY--TOPICAL TERM
Topical term or geographic name entry element Lubrication
9 (RLIN) 11818
650 ## - SUBJECT ADDED ENTRY--TOPICAL TERM
Topical term or geographic name entry element NASA thesaurus
650 ## - SUBJECT ADDED ENTRY--TOPICAL TERM
Topical term or geographic name entry element Tribology
9 (RLIN) 11819
650 ## - SUBJECT ADDED ENTRY--TOPICAL TERM
Topical term or geographic name entry element Wears
9 (RLIN) 11820
700 ## - ADDED ENTRY--PERSONAL NAME
Personal name Szeri, A. Z., ed.
9 (RLIN) 11821
942 ## - ADDED ENTRY ELEMENTS (KOHA)
Koha item type Books
Holdings
Withdrawn status Lost status Damaged status Not for loan Home library Current library Shelving location Date acquired Cost, normal purchase price Total Checkouts Full call number Barcode Date last seen Cost, replacement price Price effective from Koha item type Purchase Price
        IIA Library-Bangalore IIA Library-Bangalore General Stacks 21/10/1981 480.00   621.89/ TRI 7664 05/11/2021 480.00 21/10/1981 Books Rs. 480.00

Powered by Koha